Central Library OPAC University of Rajshahi

বিজ্ঞান ও মানুষ / (Record no. 48925)

MARC details
000 -LEADER
fixed length control field 00890nam a2200253 a 4500
001 - CONTROL NUMBER
control field 48925
003 - CONTROL NUMBER IDENTIFIER
rucl marc code BD-RjUL
005 - DATE AND TIME OF LATEST TRANSACTION
control field 20211209054616.0
008 - FIXED-LENGTH DATA ELEMENTS--GENERAL INFORMATION
fixed length control field 160817s1975 bg ||||| |||| 00| 0 ben d
020 ## - INTERNATIONAL STANDARD BOOK NUMBER
Terms of availability : Tk.12.00
035 ## - SYSTEM CONTROL NUMBER
System control number (BD-RjUL)49044
040 ## - CATALOGING SOURCE
Original cataloging agency BD-RjUL
Language of cataloging ben
Transcribing agency BD-RjUL
Modifying agency BD-RjUL
041 ## - LANGUAGE CODE
Language code of text/sound track or separate title ben
082 ## - DEWEY DECIMAL CLASSIFICATION NUMBER
Edition number 23
Classification number 504
Author mark and year ALB 1975
100 ## - MAIN ENTRY--PERSONAL NAME
Personal name আল-মুতী, আবদুল্লাহ
9 (RLIN) 122895
245 ## - TITLE STATEMENT
Title বিজ্ঞান ও মানুষ /
Statement of responsibility, etc. আবদুল্লাহ আল-মুতী
260 ## - PUBLICATION, DISTRIBUTION, ETC. (IMPRINT)
Place of publication, distribution, etc. ঢাকা :
Name of publisher, distributor, etc. বাংলা একাডেমী,
Date of publication, distribution, etc. ১৯৭৫.
300 ## - PHYSICAL DESCRIPTION
Pagination [৬], ১৮৩ পৃ. ;
Size ২১ সেমি.
650 ## - SUBJECT ADDED ENTRY--TOPICAL TERM
Topical term or geographic name as entry element বিজ্ঞান
9 (RLIN) 147364
Topical term or geographic name as entry element বিজ্ঞান ও সভ্যতা
9 (RLIN) 146970
Topical term or geographic name as entry element Science
9 (RLIN) 147365
Topical term or geographic name as entry element Science and civilization.
9 (RLIN) 146971
942 ## - ADDED ENTRY ELEMENTS (KOHA)
Source of classification or shelving scheme Dewey Decimal Classification
Koha item type Books
Holdings
Lost status Source of classification or shelving scheme Damaged status Not for loan Collection code Permanent Location Current Location Shelving location Date acquired Source of acquisition Cost, normal purchase price Total Checkouts Full call number Date last seen Copy number Koha item type
  Dewey Decimal Classification     Non-fiction Central Library, University of Rajshahi Central Library, University of Rajshahi   29/06/1977 Uro book , Rajshahi 12.00   B 504 ALB 1975 17/08/2016 C-2 Books
  Dewey Decimal Classification     Non-fiction Central Library, University of Rajshahi Central Library, University of Rajshahi   29/06/1977 Uro book , Rajshahi 12.00   B 504 ALB 1975 17/08/2016 C-3 Books
  Dewey Decimal Classification     Non-fiction Central Library, University of Rajshahi Central Library, University of Rajshahi   29/06/1977 Youreka book agency, Rajshahi. 12.00   B 504 ALB 1975 07/11/2016 C-4 Books
  Dewey Decimal Classification   Not For Loan Non-fiction Central Library, University of Rajshahi Central Library, University of Rajshahi Reading Room 29/06/1977 Youreka book agency, Rajshahi 12.00   B 504 ALB 1975 08/04/2017 C-1 Books
  Dewey Decimal Classification     Non-fiction Central Library, University of Rajshahi Central Library, University of Rajshahi   09/12/2021 Urikeka Book Agency 12.00   B 504 ALB 1975 20/04/2017 C-5 Books